Statistics for Top 5 Least Known Countries by Continent

Click here to take the quiz!

General Stats

  • This quiz has been taken 404 times
  • The average score is 23 of 30

Answer Stats

Countries% Correct
South AmericaGuyana
91%
South AmericaSuriname
91%
South AmericaParaguay
88%
EuropeLiechtenstein
86%
South AmericaEcuador
84%
North AmericaSaint Kitts and Nevis
84%
North AmericaSaint Lucia
84%
OceaniaNauru
83%
North AmericaSaint Vincent and the Grenadines
83%
EuropeSan Marino
83%
OceaniaTuvalu
83%
OceaniaPalau
80%
AsiaBrunei
78%
EuropeKosovo
78%
EuropeMoldova
78%
OceaniaKiribati
77%
OceaniaVanuatu
77%
North AmericaGrenada
76%
South AmericaVenezuela
76%
AsiaEast Timor
74%
North AmericaAntigua and Barbuda
72%
AfricaSão Tomé and Príncipe
70%
AfricaComoros
68%
EuropeMalta
68%
AsiaBahrain
65%
AsiaKyrgyzstan
61%
AsiaMaldives
56%
AfricaBurundi
55%
AfricaEquatorial Guinea
55%
AfricaGuinea-Bissau
52%

Score Distribution

Percentile by Number Answered

Percent of People with Each Score

Your Score History

You have not taken this quiz